[Event "BEL-chT 2122"]
[Site "Belgium"]
[Date "2022.01.30"]
[Round "6.7"]
[White "Stynen, Koen"]
[Black "Kaufeld, Juergen"]
[Result "1/2-1/2"]
[WhiteElo "2012"]
[BlackElo "2239"]
[PlyCount "73"]
[EventDate "2021.10.24"]
[EventType "team-tourn"]
[EventRounds "11"]
[EventCountry "BEL"]
[SourceTitle "EXT 2023"]
[Source "ChessBase"]
[SourceDate "2022.10.05"]
[SourceVersion "1"]
[SourceVersionDate "2022.10.05"]
[SourceQuality "1"]
[WhiteTeam "Borgerhout"]
[BlackTeam "KSK47 Eynatten"]
[WhiteTeamCountry "BEL"]
[BlackTeamCountry "BEL"]

1. e4 c6 2. Nc3 d5 3. Nf3 dxe4 4. Nxe4 Nf6 5. Ng3 h5 6. h4 Bg4 7. Be2 Nbd7 8. d4 Qc7 9. Bg5 0-0-0 10. c3 e6 11. Qa4 Kb8 12. Ne5 Bd6 13. Nxd7+ Rxd7 14. Bxg4 hxg4 15. Bxf6 Bxg3 16. Bxg7 Rg8 17. Bf6 Bxf2+ 18. Ke2 Bg3 19. h5 e5 20. Raf1 exd4 21. cxd4 Re8+ 22. Kd3 Be5 23. Re1 Qd6 24. Rhf1 b5 25. Qb3 Qxd4+ 26. Kc2 Re6 27. Bxe5+ Rxe5 28. Qg3 Rdd5 29. h6 Kb7 30. Rxf7+ Kb6 31. Rff1 Qd2+ 32. Kb1 Rxe1+ 33. Rxe1 Rc5 34. Qe3 Qxe3 35. Rxe3 Rh5 36. Rg3 Rxh6 37. Rxg4 1/2-1/2

[Event "GER-ch Net Amateur Gr-A Final"]
[Site "Playchess.com INT"]
[Date "2020.04.18"]
[Round "1"]
[White "Kaufeld, Juergen"]
[Black "Fromm, Marius"]
[Result "0-1"]
[WhiteElo "2205"]
[BlackElo "2041"]
[PlyCount "146"]
[EventDate "2020.04.18"]
[EventType "swiss (blitz)"]
[EventRounds "13"]
[EventCountry "GER"]
[SourceTitle "CBM 195 Extra"]
[Source "ChessBase"]
[SourceDate "2020.05.31"]
[SourceVersion "1"]
[SourceVersionDate "2020.05.31"]
[SourceQuality "1"]

1. e4 e5 2. Nf3 Nc6 3. d4 exd4 4. Nxd4 Nf6 5. Nxc6 bxc6 6. e5 Qe7 7. Qe2 Nd5 8. c4 Nb6 9. b3 a5 10. Bb2 a4 11. Nc3 axb3 12. axb3 Rxa1+ 13. Bxa1 Qa3 14. Qb2 Qxb2 15. Bxb2 Bb4 16. Bd3 0-0 17. 0-0 Re8 18. f4 d6 19. Ne4 Nd7 20. exd6 cxd6 21. h3 d5 22. cxd5 cxd5 23. Nc3 Bb7 24. Bb5 Rd8 25. Rd1 Nf6 26. Kh2 Bd6 27. g3 h5 28. Ne2 Ne4 29. h4 Rc8 30. Rc1 Rxc1 31. Bxc1 Nc5 32. Nd4 g6 33. Be2 Ne4 34. Bf3 Kf8 35. Be3 Ke7 36. Kg2 Kd7 37. Be2 Ke7 38. Bb5 Nc3 39. Bd3 Ne4 40. Kf3 Kd7 41. Bb5+ Ke7 42. Bc6 Bxc6 43. Nxc6+ Kd7 44. Nd4 f5 45. Nb5 Nc5 46. Nd4 Be7 47. Bd2 Kc7 48. Bb4 Kd7 49. Bxc5 Bxc5 50. Ke3 Kd6 51. Kd3 Kd7 52. Nf3 Bf2 53. Ne5+ Ke6 54. Nxg6 Bxg3 55. Kd4 Kf6 56. Nf8 Bxf4 57. Kxd5 Bg3 58. b4 Bxh4 59. Nd7+ Kg5 60. Ne5 Bf2 61. b5 h4 62. Nf3+ Kg4 63. Nd4 h3 64. b6 h2 65. Nc6 h1Q+ 66. Kd6 Bxb6 67. Kd7 Qd5+ 68. Ke8 Qxc6+ 69. Kf7 Qd7+ 70. Kf6 Bd4+ 71. Kg6 Qe6+ 72. Kh7 Qf7+ 73. Kh6 Qg7# 0-1

[Event "GER-ch Net Amateur Gr-A Vor1"]
[Site "Playchess.com INT"]
[Date "2020.04.14"]
[Round "3"]
[White "Jeschke, Jan"]
[Black "Kaufeld, Juergen"]
[Result "1-0"]
[WhiteElo "2012"]
[BlackElo "2200"]
[PlyCount "67"]
[EventDate "2020.04.14"]
[EventType "swiss (blitz)"]
[EventRounds "9"]
[EventCountry "GER"]
[SourceTitle "EXT 2021"]
[Source "ChessBase"]
[SourceDate "2020.10.23"]
[SourceVersion "1"]
[SourceVersionDate "2020.10.23"]
[SourceQuality "1"]

1. e4 c5 2. d4 cxd4 3. c3 Nf6 4. e5 Nd5 5. Nf3 e6 6. cxd4 b6 7. Nc3 Nxc3 8. bxc3 Qc7 9. Bd2 Bb7 10. Bd3 d6 11. 0-0 Nd7 12. Re1 dxe5 13. dxe5 Be7 14. h4 h6 15. h5 Rd8 16. Nd4 a6 17. f4 0-0 18. Qg4 Nc5 19. Bc2 Rxd4 20. cxd4 Nd7 21. Rac1 Qd8 22. f5 Bg5 23. Bxg5 hxg5 24. fxe6 fxe6 25. Qxe6+ Kh8 26. Qg6 Kg8 27. h6 Qe7 28. Bb3+ Kh8 29. hxg7+ Qxg7 30. Qh5+ Qh7 31. Qxh7+ Kxh7 32. Rc7 Kg6 33. Rxb7 Rd8 34. e6 1-0

[Event "GER-ch Net blitz qual5"]
[Site "Playchess.com INT"]
[Date "2020.03.28"]
[Round "5"]
[White "Carlstedt, Jonathan"]
[Black "Kaufeld, Juergen"]
[Result "0-1"]
[WhiteElo "2451"]
[BlackElo "2245"]
[PlyCount "60"]
[EventDate "2020.03.28"]
[EventType "swiss (blitz)"]
[EventRounds "13"]
[EventCountry "GER"]
[SourceTitle "CBM 195 Extra"]
[Source "ChessBase"]
[SourceDate "2020.05.31"]
[SourceVersion "1"]
[SourceVersionDate "2020.05.31"]
[SourceQuality "1"]

1. d4 Nf6 2. Bf4 e6 3. e3 c5 4. c3 Nd5 5. Bg3 Qb6 6. b3 cxd4 7. exd4 Nc6 8. Nf3 Be7 9. Bd3 0-0 10. 0-0 f5 11. c4 Nf6 12. Bc2 Ne4 13. Bf4 d5 14. c5 Qd8 15. Ne5 g5 16. Nxc6 bxc6 17. Be5 Ba6 18. Re1 g4 19. f3 gxf3 20. gxf3 Ng5 21. Kh1 Bf6 22. Rg1 Bxe5 23. dxe5 Kh8 24. Nd2 Nh3 25. Rg2 Rg8 26. Qe1 Rxg2 27. Kxg2 Qg5+ 28. Kxh3 Rg8 29. Qf2 Rg6 30. Qg3 Qxd2 0-1

[Event "GER-ch Net blitz qual5"]
[Site "Playchess.com INT"]
[Date "2020.03.28"]
[Round "10"]
[White "Kaufeld, Juergen"]
[Black "Hoolt, Sarah"]
[Result "0-1"]
[WhiteElo "2245"]
[BlackElo "2334"]
[PlyCount "48"]
[EventDate "2020.03.28"]
[EventType "swiss (blitz)"]
[EventRounds "13"]
[EventCountry "GER"]
[SourceTitle "CBM 195 Extra"]
[Source "ChessBase"]
[SourceDate "2020.05.31"]
[SourceVersion "1"]
[SourceVersionDate "2020.05.31"]
[SourceQuality "1"]

1. e4 c5 2. Nf3 Nc6 3. Bb5 g6 4. 0-0 Bg7 5. Re1 a6 6. Bxc6 bxc6 7. e5 Nh6 8. d3 Nf5 9. Nbd2 0-0 10. Nc4 d5 11. Ne3 Rb8 12. b3 Nd4 13. Nxd4 cxd4 14. Nf1 Qc7 15. f4 f6 16. exf6 Bxf6 17. Qe2 Bh4 18. g3 Bf6 19. Nd2 e5 20. fxe5 Re8 21. Nf3 Bg4 22. Bf4 g5 23. Bd2 Rxe5 24. Qf2 Rf5 0-1

[Event "GER-ch Net blitz qual5"]
[Site "Playchess.com INT"]
[Date "2020.03.28"]
[Round "6"]
[White "Kaufeld, Juergen"]
[Black "Scholz, Christian"]
[Result "1-0"]
[WhiteElo "2245"]
[BlackElo "2368"]
[PlyCount "147"]
[EventDate "2020.03.28"]
[EventType "swiss (blitz)"]
[EventRounds "13"]
[EventCountry "GER"]
[SourceTitle "CBM 195 Extra"]
[Source "ChessBase"]
[SourceDate "2020.05.31"]
[SourceVersion "1"]
[SourceVersionDate "2020.05.31"]
[SourceQuality "1"]

1. e4 c5 2. Nf3 d6 3. d4 cxd4 4. Nxd4 Nf6 5. Nc3 a6 6. h3 e5 7. Nb3 b5 8. g4 Bb7 9. Bg2 Be7 10. g5 Nfd7 11. h4 Nb6 12. Qg4 Qc7 13. h5 b4 14. Nd5 Nxd5 15. exd5 Qxc2 16. Qxb4 Bc8 17. Be3 0-0 18. g6 fxg6 19. hxg6 Qxg6 20. Rg1 Bh3 21. Bxh3 Qxg1+ 22. Ke2 Qg6 23. Be6+ Kh8 24. Qb7 Qc2+ 25. Nd2 a5 26. Qxe7 Na6 27. Rg1 Rg8 28. Bxg8 Rxg8 29. Qxd6 Nb4 30. Qxe5 Qd3+ 31. Kf3 Rf8+ 32. Kg2 Qg6+ 33. Kh2 Qf6 34. Qxf6 Rxf6 35. d6 Rxd6 36. Ne4 Re6 37. Ng5 Re7 38. Bd4 h6 39. Nf3 Kh7 40. a3 Nd3 41. Bc3 Nxf2 42. Rg2 Ne4 43. Bd4 Nd6 44. Nh4 g5 45. Nf3 Nf5 46. Bc3 Ne3 47. Rd2 Nf1+ 48. Kg2 Nxd2 49. Bxd2 a4 50. Kf2 Kg6 51. Nd4 g4 52. Bb4 Re4 53. Bc3 h5 54. Ne2 h4 55. Nd4 Rf4+ 56. Kg2 Re4 57. Kf2 Re8 58. Ne2 Kf5 59. Nd4+ Ke4 60. Nb5 Rf8+ 61. Kg2 h3+ 62. Kg3 Rf3+ 63. Kh2 Rf2+ 64. Kg1 Rg2+ 65. Kh1 Re2 66. Nd6+ Kf3 67. Nc4 g3 68. Ne5+ Kf2 69. Ng4+ Kf1 70. Bd4 Rh2+ 71. Nxh2+ gxh2 72. Kxh2 Ke2 73. Bc3 Kd3 74. Kxh3 1-0

[Event "GER-ch Net blitz qual5"]
[Site "Playchess.com INT"]
[Date "2020.03.28"]
[Round "11"]
[White "Singh, Marcel"]
[Black "Kaufeld, Juergen"]
[Result "1-0"]
[WhiteElo "1926"]
[BlackElo "2245"]
[PlyCount "105"]
[EventDate "2020.03.28"]
[EventType "swiss (blitz)"]
[EventRounds "13"]
[EventCountry "GER"]
[SourceTitle "CBM 195 Extra"]
[Source "ChessBase"]
[SourceDate "2020.05.31"]
[SourceVersion "1"]
[SourceVersionDate "2020.05.31"]
[SourceQuality "1"]

1. e4 c5 2. c3 d5 3. exd5 Qxd5 4. d4 Nc6 5. dxc5 Qxd1+ 6. Kxd1 e5 7. b4 Nf6 8. Nf3 Bf5 9. Bb5 0-0-0+ 10. Ke2 e4 11. Bxc6 bxc6 12. Nd4 Bg4+ 13. f3 exf3+ 14. gxf3 Bd7 15. Bg5 Be7 16. Nd2 Rhe8 17. Kf2 Nd5 18. Bxe7 Rxe7 19. Ne4 Kc7 20. a3 Rde8 21. c4 Nf4 22. Rad1 Nh3+ 23. Kg3 f5 24. Nd6 f4+ 25. Kg2 Re2+ 26. Nxe2 Rxe2+ 27. Kf1 Rf2+ 28. Ke1 Rxf3 29. Rf1 Rxa3 30. Kd2 Ra2+ 31. Kc3 Rxh2 32. Ra1 Kb8 33. b5 Nf2 34. b6 Rh3+ 35. Kc2 Ng4 36. bxa7+ Ka8 37. Rxf4 Nf6 38. Rd4 Rh2+ 39. Kc3 Rh3+ 40. Rd3 Rh5 41. Kb4 Rh2 42. Rb3 Re2 43. Kc3 Re3+ 44. Kc2 Rxb3 45. Kxb3 h5 46. Kc3 h4 47. Kd4 h3 48. Ke3 Ng4+ 49. Kf3 Ne5+ 50. Kg3 Nd3 51. Ne4 Bf5 52. Nd6 Be6 53. Ne8 1-0

[Event "GER-ch Net blitz qual3"]
[Site "Playchess.com INT"]
[Date "2020.03.21"]
[Round "2"]
[White "Kutzner, Stephen"]
[Black "Kaufeld, Juergen"]
[Result "0-1"]
[WhiteElo "2161"]
[BlackElo "2245"]
[PlyCount "47"]
[EventDate "2020.03.21"]
[EventType "swiss (blitz)"]
[EventRounds "9"]
[EventCountry "GER"]
[SourceTitle "CBM 195 Extra"]
[Source "ChessBase"]
[SourceDate "2020.05.31"]
[SourceVersion "1"]
[SourceVersionDate "2020.05.31"]
[SourceQuality "1"]

1. d4 Nf6 2. c4 g6 3. Nc3 d5 4. cxd5 Nxd5 5. e4 Nxc3 6. bxc3 Bg7 7. Bc4 c5 8. Ne2 0-0 9. Be3 Nc6 10. h4 cxd4 11. cxd4 Qa5+ 12. Kf1 Qa3 13. h5 Bg4 14. hxg6 hxg6 15. Rc1 Rfd8 16. d5 Ne5 17. Rc3 Bxe2+ 18. Bxe2 Qxc3 19. Bd4 Qb4 20. f4 Ng4 21. e5 Rxd5 22. Bxg4 Rxd4 23. Qc2 Rxf4+ 24. Kg1 0-1

[Event "GER-ch Net blitz qual3"]
[Site "Playchess.com INT"]
[Date "2020.03.21"]
[Round "1"]
[White "Lerch, Martin Erik"]
[Black "Kaufeld, Juergen"]
[Result "0-1"]
[WhiteElo "1795"]
[BlackElo "2245"]
[PlyCount "72"]
[EventDate "2020.03.21"]
[EventType "swiss (blitz)"]
[EventRounds "9"]
[EventCountry "GER"]
[SourceTitle "CBM 195 Extra"]
[Source "ChessBase"]
[SourceDate "2020.05.31"]
[SourceVersion "1"]
[SourceVersionDate "2020.05.31"]
[SourceQuality "1"]

1. e4 c5 2. Nc3 e6 3. g3 Nc6 4. Bg2 g6 5. f4 Bg7 6. Nf3 Nge7 7. d3 0-0 8. 0-0 d5 9. Qe1 b6 10. g4 f5 11. gxf5 gxf5 12. Kh1 Nd4 13. Qh4 Ng6 14. Qh5 Nxf3 15. Bxf3 d4 16. Ne2 Bb7 17. Ng3 Qh4 18. exf5 Qxh5 19. Nxh5 Bxf3+ 20. Rxf3 exf5 21. Nxg7 Kxg7 22. Bd2 Rae8 23. Re1 Kf6 24. Rff1 b5 25. Kg2 c4 26. dxc4 bxc4 27. Kf2 Re4 28. Kf3 Rfe8 29. Rxe4 fxe4+ 30. Kg4 e3 31. Bb4 Re4 32. Bc5 a6 33. Bd6 e2 34. Re1 d3 35. cxd3 cxd3 36. Bb4 Rxb4 0-1

[Event "BEL-chT 1920"]
[Site "Belgium"]
[Date "2020.02.16"]
[Round "8.6"]
[White "Kaufeld, Juergen"]
[Black "Ghysels, Chris"]
[Result "1-0"]
[WhiteElo "2228"]
[BlackElo "2059"]
[PlyCount "65"]
[EventDate "2019.09.29"]
[EventType "team-tourn"]
[EventRounds "11"]
[EventCountry "BEL"]
[SourceTitle "CBM 195 Extra"]
[Source "ChessBase"]
[SourceDate "2020.05.31"]
[SourceVersion "1"]
[SourceVersionDate "2020.05.31"]
[SourceQuality "1"]
[WhiteTeam "KSK47 Eynatten"]
[BlackTeam "Jean Jaures Ghent"]
[WhiteTeamCountry "BEL"]
[BlackTeamCountry "BEL"]

1. e4 c5 2. Nf3 g6 3. c4 Bg7 4. d4 cxd4 5. Nxd4 Nc6 6. Be3 d6 7. Nc3 Nf6 8. Be2 0-0 9. h3 Bd7 10. 0-0 Nxd4 11. Bxd4 Bc6 12. Qc2 a5 13. Rad1 Nd7 14. Bxg7 Kxg7 15. Bg4 Ne5 16. c5 Nxg4 17. hxg4 Qc8 18. cxd6 Qxg4 19. dxe7 Rfe8 20. Nd5 Bxd5 21. exd5 Rxe7 22. Qc3+ Kg8 23. Rd4 Qf5 24. d6 Rd7 25. Rfd1 Qf6 26. g3 Kg7 27. Qc5 Ra6 28. Rf4 Qxb2 29. Rdd4 Qe2 30. Rfe4 Qh5 31. Rd5 Qf3 32. Rf4 Qe2 33. Qc3+ 1-0

[Event "BEL-chT 1920"]
[Site "Belgium"]
[Date "2019.09.29"]
[Round "1.6"]
[White "Kaufeld, Juergen"]
[Black "Buscher, Michael"]
[Result "1-0"]
[WhiteElo "2228"]
[BlackElo "2362"]
[PlyCount "75"]
[EventDate "2019.09.29"]
[EventType "team-tourn"]
[EventRounds "11"]
[EventCountry "BEL"]
[SourceTitle "CBM 195 Extra"]
[Source "ChessBase"]
[SourceDate "2020.05.31"]
[SourceVersion "1"]
[SourceVersionDate "2020.05.31"]
[SourceQuality "1"]
[WhiteTeam "KSK47 Eynatten"]
[BlackTeam "Echiquier Mosan"]
[WhiteTeamCountry "BEL"]
[BlackTeamCountry "BEL"]

1. e4 c5 2. Nf3 d6 3. Nc3 Nc6 4. d4 cxd4 5. Nxd4 Nf6 6. Bg5 e6 7. Qd2 a6 8. 0-0-0 Bd7 9. f3 Be7 10. Be3 Qc7 11. g4 h6 12. h4 Nxd4 13. Bxd4 e5 14. Be3 Be6 15. Kb1 Rd8 16. Nd5 Nxd5 17. exd5 Bd7 18. Bd3 Rb8 19. Rdg1 Qc8 20. Qe2 Kf8 21. f4 exf4 22. Bxf4 Qc5 23. Qf3 Kg8 24. Be3 Qc7 25. Bd4 Rf8 26. g5 h5 27. Re1 Bd8 28. Rhf1 Bg4 29. Qf4 Qd7 30. c4 Ba5 31. Re4 b5 32. cxb5 axb5 33. Bxg7 Kxg7 34. Qf6+ Kg8 35. g6 Bd8 36. gxf7+ Rxf7 37. Qg6+ Kf8 38. Ref4 1-0

[Event "Karlsruhe Grenke op"]
[Site "Karlsruhe"]
[Date "2019.04.21"]
[Round "7"]
[White "Prithu, Gupta"]
[Black "Kaufeld, Juergen"]
[Result "1/2-1/2"]
[WhiteElo "2478"]
[BlackElo "2231"]
[PlyCount "41"]
[EventDate "2019.04.18"]
[EventType "swiss"]
[EventRounds "9"]
[EventCountry "GER"]
[SourceTitle "CBM 189 Extra"]
[Source "ChessBase"]
[SourceDate "2019.06.03"]
[SourceVersion "1"]
[SourceVersionDate "2019.06.03"]
[SourceQuality "1"]

1. c4 e6 2. g3 d5 3. Bg2 Nf6 4. Nf3 dxc4 5. Qa4+ Bd7 6. Qxc4 c5 7. 0-0 Bc6 8. d3 Nbd7 9. Qc2 Be7 10. Nc3 Rc8 11. e4 0-0 12. d4 b6 13. Rd1 cxd4 14. Nxd4 Bb7 15. Qe2 Bb4 16. Ndb5 a6 17. Nd6 Bxd6 18. Rxd6 Qc7 19. Rd1 Rfd8 20. e5 Bxg2 21. exf6 1/2-1/2

[Event "Ruhrgebiet Verbandsliga Gruppe 2 1819"]
[Site "Nordrheinwestfalen"]
[Date "2019.03.10"]
[Round "7"]
[White "Beckmann, Klaus"]
[Black "Kaufeld, Juergen"]
[Result "0-1"]
[WhiteElo "2121"]
[BlackElo "2197"]
[PlyCount "104"]
[EventDate "2018.09.23"]
[EventType "team-tourn"]
[EventRounds "9"]
[EventCountry "GER"]
[SourceTitle "EXT 2022"]
[Source "ChessBase"]
[SourceDate "2021.10.06"]
[SourceVersion "1"]
[SourceVersionDate "2021.10.06"]
[SourceQuality "1"]
[WhiteTeam "Recklinghausen Sued"]
[BlackTeam "Essen Werden"]
[WhiteTeamCountry "GER"]
[BlackTeamCountry "GER"]

1. d4 d5 2. Nf3 Nf6 3. c4 e6 4. Nc3 Bb4 5. e3 0-0 6. Bd3 dxc4 7. Bxc4 c5 8. 0-0 Nc6 9. a3 Ba5 10. Qd3 Qe7 11. dxc5 Rd8 12. Qc2 Qxc5 13. Ne4 Qf5 14. Nxf6+ Qxf6 15. b4 Bc7 16. Bb2 e5 17. b5 Na5 18. Bd3 Qe7 19. Bxh7+ Kh8 20. Bf5 g6 21. Bxc8 Raxc8 22. Qe4 Re8 23. Qa4 b6 24. Rac1 Kg8 25. Bc3 Bd6 26. Bxa5 Rxc1 27. Rxc1 bxa5 28. Qxa5 Bxa3 29. Rc6 Bc5 30. Qc3 Bb6 31. g3 e4 32. Nd4 Qe5 33. Qc4 Kg7 34. Ne2 Rd8 35. Nf4 Rd1+ 36. Kg2 Rd2 37. Ne2 Qb2 38. Qc3+ Qxc3 39. Nxc3 Bxe3 40. Nxe4 Rb2 41. g4 Bb6 42. g5 Rxb5 43. Rc8 Rd5 44. f4 Rd8 45. Rc6 Rb8 46. Nf6 Bd4 47. Rd6 Bxf6 48. gxf6+ Kf8 49. h4 Ke8 50. Ra6 Rb6 51. Rxa7 Rxf6 52. Kg3 Kf8 0-1

[Event "Leiden Noteboom Memorial 79th"]
[Site "Leiden"]
[Date "2019.02.24"]
[Round "5"]
[White "Kaufeld, Juergen"]
[Black "Schoppen, Casper"]
[Result "0-1"]
[WhiteElo "2213"]
[BlackElo "2463"]
[PlyCount "122"]
[EventDate "2019.02.22"]
[EventType "swiss"]
[EventRounds "6"]
[EventCountry "NED"]
[SourceTitle "CBM 189 Extra"]
[Source "ChessBase"]
[SourceDate "2019.06.03"]
[SourceVersion "1"]
[SourceVersionDate "2019.06.03"]
[SourceQuality "1"]

1. Nf3 Nf6 2. d4 d5 3. c4 e6 4. g3 Be7 5. Bg2 0-0 6. 0-0 dxc4 7. Qc2 a6 8. a4 Bd7 9. Bg5 Bc6 10. Rd1 a5 11. Nbd2 Na6 12. Nxc4 Nb4 13. Qb3 Bd5 14. Nfe5 c6 15. Bxf6 Bxf6 16. e4 Bxc4 17. Qxc4 Qc7 18. Nd3 Nxd3 19. Rxd3 Qb6 20. b3 Rfd8 21. Rad1 Rac8 22. h4 Rc7 23. Kh2 Rcd7 24. e5 Be7 25. Bh3 Ba3 26. R1d2 Qb4 27. f4 g6 28. h5 Kg7 29. Bg2 gxh5 30. Be4 h4 31. f5 hxg3+ 32. Kxg3 exf5 33. Bxf5 Re7 34. Kf3 Rg8 35. Rg2+ Kh8 36. Qc2 Rxg2 37. Qxg2 Qe1 38. Qh2 f6 39. exf6 Rf7 40. Qh5 Qf1+ 41. Kg4 Qg1+ 42. Kf3 Qg8 43. Qh4 Qd8 44. Re3 Qd5+ 45. Qe4 Qxe4+ 46. Rxe4 Rxf6 47. Re8+ Kg7 48. Ke4 h5 49. Rd8 Kh6 50. d5 cxd5+ 51. Rxd5 Bb4 52. Rd7 b6 53. Kf4 Bd6+ 54. Ke4 Bg3 55. Rh7+ Kg5 56. Rg7+ Kh4 57. Rg8 Rf7 58. Rg6 Bf2 59. Rg2 Bg3 60. Rc2 Kg5 61. Rc6 Rxf5 0-1

[Event "Ruhrgebiet Verbandsliga Gruppe 2 1819"]
[Site "Nordrheinwestfalen"]
[Date "2019.02.03"]
[Round "6.1"]
[White "Kaufeld, Juergen"]
[Black "Schneider, Bernd"]
[Result "1/2-1/2"]
[WhiteElo "2197"]
[BlackElo "2272"]
[PlyCount "64"]
[EventDate "2018.09.23"]
[EventType "team-tourn"]
[EventRounds "9"]
[EventCountry "GER"]
[SourceTitle "EXT 2022"]
[Source "ChessBase"]
[SourceDate "2021.10.06"]
[SourceVersion "1"]
[SourceVersionDate "2021.10.06"]
[SourceQuality "1"]
[WhiteTeam "Essen Werden"]
[BlackTeam "Bochum SV II"]
[WhiteTeamCountry "GER"]
[BlackTeamCountry "GER"]

1. e4 g6 2. d4 Bg7 3. Nc3 c6 4. Nf3 d5 5. h3 dxe4 6. Nxe4 Nd7 7. Bc4 Ngf6 8. Nxf6+ Nxf6 9. 0-0 0-0 10. c3 Qc7 11. Re1 e6 12. a4 b6 13. Qe2 Bb7 14. Bg5 c5 15. Ba6 Nd5 16. Bxb7 Qxb7 17. Qe4 h6 18. Bh4 Rab8 19. Bg3 Nf6 20. Qxb7 Rxb7 21. a5 Rc8 22. axb6 axb6 23. Be5 Nd5 24. Bxg7 Kxg7 25. Ra6 cxd4 26. Nxd4 b5 27. Rc6 Rxc6 28. Nxc6 Rc7 29. Ne5 Kf6 30. Ng4+ Kg7 31. Ne5 Kf6 32. Ng4+ Kg7 1/2-1/2

[Event "Ruhrgebiet Verbandsliga Gruppe 2 1819"]
[Site "Nordrheinwestfalen"]
[Date "2018.09.23"]
[Round "1.1"]
[White "Kaufeld, Juergen"]
[Black "Rosen, Willy"]
[Result "0-1"]
[WhiteElo "2197"]
[BlackElo "2084"]
[PlyCount "118"]
[EventDate "2018.09.23"]
[EventType "team-tourn"]
[EventRounds "9"]
[EventCountry "GER"]
[SourceTitle "EXT 2022"]
[Source "ChessBase"]
[SourceDate "2021.10.06"]
[SourceVersion "1"]
[SourceVersionDate "2021.10.06"]
[SourceQuality "1"]
[WhiteTeam "Essen Werden"]
[BlackTeam "Essen Katernberg III"]
[WhiteTeamCountry "GER"]
[BlackTeamCountry "GER"]

1. e4 c5 2. Nf3 g6 3. c4 Nc6 4. d4 cxd4 5. Nxd4 Nf6 6. Nc3 d6 7. Be2 Nxd4 8. Qxd4 Bg7 9. Bg5 0-0 10. Qe3 Be6 11. 0-0 Qa5 12. Rac1 Rfc8 13. b3 a6 14. a4 Rc7 15. f4 Qc5 16. f5 Qxe3+ 17. Bxe3 Bd7 18. a5 Bc6 19. Bd3 Nd7 20. b4 Bxc3 21. Rxc3 Ne5 22. Bb1 Bb5 23. fxg6 hxg6 24. Ba2 Bxc4 25. Bd4 Rac8 26. Bxc4 Rxc4 27. Bxe5 Rxc3 28. Bxc3 Rxc3 29. Rb1 Rc4 30. b5 Rxe4 31. bxa6 bxa6 32. Rb6 Ra4 33. Rxa6 Ra2 34. Ra7 e6 35. h3 d5 36. Kh2 Kg7 37. a6 Kf6 38. Kg3 e5 39. Ra8 d4 40. Kf3 Ra3+ 41. Ke4 Re3+ 42. Kd5 d3 43. Kc6 Re1 44. Rd8 Ra1 45. Kb7 e4 46. a7 Ke5 47. g3 f5 48. h4 f4 49. Re8+ Kd4 50. gxf4 e3 51. h5 gxh5 52. f5 d2 53. f6 Kc4 54. Rc8+ Kb5 55. f7 d1Q 56. f8Q Qd7+ 57. Rc7 Rxa7+ 58. Kxa7 Qxc7+ 59. Ka8 Qe5 0-1

[Event "Oberliga NRW 1718"]
[Site "Germany"]
[Date "2018.04.29"]
[Round "9.5"]
[White "Kaufeld, Juergen"]
[Black "Ries, Benjamin"]
[Result "0-1"]
[WhiteElo "2167"]
[BlackElo "2191"]
[PlyCount "88"]
[EventDate "2017.09.17"]
[EventType "team-tourn"]
[EventRounds "9"]
[EventCountry "GER"]
[SourceTitle "EXT 2019"]
[Source "ChessBase"]
[SourceDate "2018.10.10"]
[SourceVersion "1"]
[SourceVersionDate "2018.10.10"]
[SourceQuality "1"]
[WhiteTeam "Oberhausen"]
[BlackTeam "Wuppertal Bahn"]
[WhiteTeamCountry "GER"]
[BlackTeamCountry "GER"]

1. d4 d5 2. c4 e6 3. Nf3 Nf6 4. g3 Bb4+ 5. Bd2 Bd6 6. Bg2 0-0 7. Nc3 b6 8. 0-0 Nbd7 9. Nb5 Ne4 10. Nxd6 Nxd6 11. cxd5 exd5 12. Bf4 Nf6 13. Ne5 Bb7 14. Rc1 Nh5 15. Qc2 Nxf4 16. gxf4 Rc8 17. Bh3 f5 18. Nc6 Qh4 19. Bg2 Bxc6 20. Qxc6 Qxf4 21. Qxd5+ Kh8 22. e3 Qg4 23. f3 Qg6 24. e4 Rcd8 25. Qc6 fxe4 26. fxe4 Qg5 27. Kh1 Rxf1+ 28. Rxf1 Qe7 29. e5 Nf7 30. e6 Nd6 31. d5 h6 32. Rc1 Qh4 33. Qc2 Rf8 34. Qe2 Nf5 35. Qe1 Qf4 36. Rc3 Qd6 37. Qe4 Ne7 38. Rg3 Nxd5 39. Qg4 Qe5 40. Bxd5 Qxd5+ 41. Kg1 Qc5+ 42. Kh1 Qc6+ 43. Kg1 Qc1+ 44. Kg2 Qf1# 0-1

[Event "Oberliga NRW 1718"]
[Site "Germany"]
[Date "2018.04.08"]
[Round "8.4"]
[White "Kaufeld, Juergen"]
[Black "Volkov, Mykyta"]
[Result "1/2-1/2"]
[WhiteElo "2226"]
[BlackElo "2178"]
[PlyCount "55"]
[EventDate "2017.09.17"]
[EventType "team-tourn"]
[EventRounds "9"]
[EventCountry "GER"]
[SourceTitle "EXT 2019"]
[Source "ChessBase"]
[SourceDate "2018.10.10"]
[SourceVersion "1"]
[SourceVersionDate "2018.10.10"]
[SourceQuality "1"]
[WhiteTeam "Oberhausen"]
[BlackTeam "Gerresheim"]
[WhiteTeamCountry "GER"]
[BlackTeamCountry "GER"]

1. d4 e6 2. c4 Nf6 3. g3 d5 4. Bg2 Be7 5. Nf3 0-0 6. 0-0 dxc4 7. Qc2 a6 8. a4 Bd7 9. Rd1 Bc6 10. Nc3 Bxf3 11. Bxf3 Nc6 12. Bxc6 bxc6 13. a5 Rb8 14. Bg5 Rb4 15. Na2 Rb5 16. Bxf6 gxf6 17. Qxc4 Rxb2 18. Qxc6 Qd6 19. Qf3 f5 20. Nc1 Rb5 21. e3 Qd5 22. Qxd5 Rxd5 23. Nd3 c5 24. Nxc5 Bxc5 25. dxc5 Rxc5 26. Rd6 Ra8 27. Ra2 Ra7 28. Kf1 1/2-1/2

[Event "Gelsenkirchen Silvester op 5th"]
[Site "Gelsenkirchen"]
[Date "2017.12.27"]
[Round "1"]
[White "Schlueter, Christoph"]
[Black "Kaufeld, Juergen"]
[Result "1/2-1/2"]
[WhiteElo "1953"]
[BlackElo "2260"]
[PlyCount "69"]
[EventDate "2017.12.27"]
[EventType "swiss"]
[EventRounds "5"]
[EventCountry "GER"]
[SourceTitle "CBM 182 Extra"]
[Source "ChessBase"]
[SourceDate "2018.02.23"]
[SourceVersion "1"]
[SourceVersionDate "2018.02.23"]
[SourceQuality "1"]

1. Nf3 d5 2. d4 Nf6 3. Bf4 c5 4. c3 Nc6 5. e3 Qb6 6. Qb3 c4 7. Qc2 Bf5 8. Qc1 Nh5 9. Be2 Nxf4 10. exf4 h6 11. 0-0 e6 12. Re1 Be7 13. Nbd2 Qc7 14. Ne5 0-0 15. Bd1 f6 16. Nxc6 bxc6 17. Nf3 Bd6 18. g3 Rae8 19. Nh4 Bh7 20. Bh5 Re7 21. Bg6 Rb8 22. Bxh7+ Kxh7 23. Qc2+ Kg8 24. Rad1 Qc8 25. Re2 Rbb7 26. Rde1 c5 27. Nf3 Qe8 28. dxc5 Bxc5 29. Nd4 Bxd4 30. cxd4 Kf7 31. f5 exf5 32. Qxf5 Qc6 33. h4 Rxe2 34. Rxe2 Re7 35. Rxe7+ 1/2-1/2